Qué es una gramática textual?

Guardat en:
Dades bibliogràfiques
Autor principal: Menéndez, Salvio Martín (autor)
Format: Llibre
Idioma:espanyol
Publicat: Buenos Aires Biblos 2010
Col·lecció:Colección Respuestas
Matèries:
Etiquetes: Afegir etiqueta
Sense etiquetes, Sigues el primer a etiquetar aquest registre!

MARC

LEADER 00000cam a2200000 a 4500
001 UCF7261
003 CL-VaPUC
008 130613e20100000AG |||||||||||||||||spa|d
020 |a 9789507868238 
082 0 4 |a 372.47  |b MEN  |2 21 
100 |a Menéndez, Salvio Martín  |e autor  |9 569263 
245 1 0 |a Qué es una gramática textual? 
300 |a 63 p 
942 |c BK 
945 |d 20130613 00:00:00  |a dcastane 
260 |a Buenos Aires  |b Biblos  |c 2010 
650 0 |a Comprensión de lectura  |9 307588 
650 0 |a Análisis del discurso  |9 256696 
650 7 |a COHESION LINGUISTICA  |2 CL-VaPUC  |9 470966 
583 |a last modification  |c 20161102 01:25:46  |k Rodrigo Vera 
490 0 |a Colección Respuestas 
999 |c 352152  |d 352150 
952 |0 0  |1 0  |4 0  |6 372_470000000000000_MEN_2010  |7 0  |8 A  |9 456708  |a BIBEDU  |b BIBEDU  |c ES_NOD  |d 2019-11-22  |i 4980379  |o 372.47 MEN 2010  |p 4980379  |r 2023-08-09  |w 2019-11-22  |y BK  |k LIT 
952 |0 0  |1 0  |4 0  |6 372_470000000000000_MEN_2010  |7 0  |8 A  |9 456709  |a BIBEDU  |b BIBEDU  |c ES_NOD  |d 2019-11-22  |i 4980360  |o 372.47 MEN 2010  |p 4980360  |r 2023-08-09  |w 2019-11-22  |y BK  |k LIT